000 00539cam a22002171 4500
001 sa 67004464
003 DLC
005 20260227112347.0
008 891016s1966 ii 000 0 hino
010 _asa 67004464
035 _a(OCoLC)20497665
040 _aDLC
_cWaU
_dDLC
042 _apremarc
050 0 0 _aPK1934
_b.S53
100 1 _aSilakari, Loknath Dwivedi,
_d1904-
245 1 0 _aHindī vyākaraṇa-kaumudī.
260 _c[1966]
300 _a318 p.
_c18 cm.
500 _aIn Hindi.
650 0 _aHindi language
_xGrammar.
999 _c74505
_d74505